<?xml version="1.0" encoding="UTF-8"?>
<record
    xmlns:xsi="http://www.w3.org/2001/XMLSchema-instance"
    xsi:schemaLocation="http://www.loc.gov/MARC21/slim http://www.loc.gov/standards/marcxml/schema/MARC21slim.xsd"
    xmlns="http://www.loc.gov/MARC21/slim">

  <leader>01640nas a2200277Ia 4500</leader>
  <controlfield tag="001">R620-R8572</controlfield>
  <controlfield tag="003">IT-CnALBA</controlfield>
  <controlfield tag="008">170116c99999999xx ||||||||||||   ||und||</controlfield>
  <datafield tag="040" ind1=" " ind2=" ">
    <subfield code="a">IT-CnALBA</subfield>
    <subfield code="c">IT-CnALBA</subfield>
  </datafield>
  <datafield tag="041" ind1=" " ind2=" ">
    <subfield code="a">ITALIANO</subfield>
  </datafield>
  <datafield tag="100" ind1=" " ind2=" ">
    <subfield code="a">GELOSO JOHN</subfield>
  </datafield>
  <datafield tag="210" ind1=" " ind2=" ">
    <subfield code="a">BOLLETTINO TECNICO GELOSO</subfield>
  </datafield>
  <datafield tag="222" ind1=" " ind2=" ">
    <subfield code="a">BOLLETTINO TECNICO GELOSO</subfield>
  </datafield>
  <datafield tag="245" ind1=" " ind2="0">
    <subfield code="a">BOLLETTINO TECNICO GELOSO. INVERNO 1962-1963. DEDICATO ALLA TELEVISIONE. RADIOFONIA TELEVISIONE SCIENZE AFFINI </subfield>
  </datafield>
  <datafield tag="250" ind1=" " ind2=" ">
    <subfield code="a">1a ed.</subfield>
  </datafield>
  <datafield tag="260" ind1=" " ind2=" ">
    <subfield code="a">MILANO</subfield>
    <subfield code="b">GELOSO S. P. A. </subfield>
    <subfield code="c">1962 [1&#xB0; Ed.:1962 - Ed.Ling.Originale: 1962]</subfield>
  </datafield>
  <datafield tag="300" ind1=" " ind2=" ">
    <subfield code="a">64 p. </subfield>
  </datafield>
  <datafield tag="310" ind1=" " ind2=" ">
    <subfield code="a">TRIMESTRALE</subfield>
  </datafield>
  <datafield tag="362" ind1=" " ind2=" ">
    <subfield code="a">Fascicolo: 87 /  (1962)</subfield>
  </datafield>
  <datafield tag="500" ind1=" " ind2=" ">
    <subfield code="a">GTV 1045 U, 1044 U, 1035 U, 1010 U, DESCRIZIONE. CARATTERISTICHE E DATI. ALLINEAMENTO E MESSA A PUNTO. CONTRO E MESSA A PUNTO DELL'AMPLIFICATORE FL VIDEO. CONTROLLO E MESSA A PUNTO DELLA PARTE UHF. SCHEMI, OSCILLOGRAMMI, TABELLE TENSIONI, ELENCO COMPONENTI. GTV 1045 U. GTV 1044 U GTV 1035 U. GTV 1010 U. SCHEMI DI TELEVISORI PRECEDENTI. SERVIZIO D'ASSISTENZA TECNICA. </subfield>
  </datafield>
  <datafield tag="501" ind1=" " ind2=" ">
    <subfield code="a">Societ&#xE0; San Paolo EM - Piazza San Paolo, 14 - 12051 ALBA (CN)  (non commercial uses only) &#xAE; Copyright 2017</subfield>
  </datafield>
  <datafield tag="520" ind1=" " ind2=" ">
    <subfield code="a">GTV 1045 U, 1044 U, 1035 U, 1010 U, DESCRIZIONE. CARATTERISTICHE E DATI. ALLINEAMENTO E MESSA A PUNTO. CONTRO E MESSA A PUNTO DELL'AMPLIFICATORE FL VIDEO. CONTROLLO E MESSA A PUNTO DELLA PARTE UHF. SCHEMI, OSCILLOGRAMMI, TABELLE TENSIONI, ELENCO COMPONENTI. GTV 1045 U. GTV 1044 U GTV 1035 U. GTV 1010 U. SCHEMI DI TELEVISORI PRECEDENTI. SERVIZIO D'ASSISTENZA TECNICA. </subfield>
  </datafield>
  <datafield tag="650" ind1=" " ind2=" ">
    <subfield code="a">INGEGNERIA E ATTIVIT&#xC0; COLLEGATE</subfield>
  </datafield>
  <datafield tag="942" ind1=" " ind2=" ">
    <subfield code="c">CR</subfield>
  </datafield>
  <datafield tag="957" ind1=" " ind2=" ">
    <subfield code="7">1</subfield>
  </datafield>
  <datafield tag="999" ind1=" " ind2=" ">
    <subfield code="a">60139</subfield>
    <subfield code="b">NO</subfield>
    <subfield code="g">1</subfield>
    <subfield code="c">327166</subfield>
    <subfield code="d">327166</subfield>
  </datafield>
  <datafield tag="952" ind1=" " ind2=" ">
    <subfield code="0">0</subfield>
    <subfield code="1">0</subfield>
    <subfield code="4">0</subfield>
    <subfield code="6">R_620R8572</subfield>
    <subfield code="7">1</subfield>
    <subfield code="a">ALBA</subfield>
    <subfield code="b">ALBA</subfield>
    <subfield code="d">2017-01-16</subfield>
    <subfield code="l">0</subfield>
    <subfield code="o">R620-R8572</subfield>
    <subfield code="r">2017-01-16 00:00:00</subfield>
    <subfield code="w">2017-01-16</subfield>
    <subfield code="y">CR</subfield>
    <subfield code="z">(data import: 16 gennaio 2017) - By Epidotti, Vaglietti. </subfield>
  </datafield>
</record>
